| 000 | 00674cam a2200193 a 4500 | ||
|---|---|---|---|
| 020 | _a0642456801 | ||
| 020 | _a9780642456809 | ||
| 040 | _cAGL | ||
| 082 | _a333 AUS 2000 A015 Or. | ||
| 245 | 0 | 0 |
_aSoil conservation technologies for smallholder farming systems in the Philippine uplands : _ba socioeconomic evaluation / |
| 260 |
_aCanberra : _bAustralian Centre for International Agricultural Research, _c2000. |
||
| 300 |
_a228 p. : _bill., map ; _c24 cm. |
||
| 490 | 1 | _aACIAR monograph series ; | |
| 650 | 0 | _aSoil conservation | |
| 650 | 0 | _aFarms, Small | |
| 700 | 1 | _aCramb, R. A. | |
| 710 | 2 | _aAustralian Centre for International Agricultural Research. | |
| 942 | _cEK | ||
| 999 |
_c11329 _d11329 |
||